000 00476nam a2200181Ia 4500
003 GCL
008 140319s9999 xx 000 0 ara d
040 _aGCL /
_cGCL
082 0 4 _aط
_b813.02
_bع م
100 1 _aعبدالتواب يوسف
245 1 0 _aالزرزور /
_cعبدالتواب يوسف
260 _a[S.N] :
_bمكتبة مصر
300 _aمتعددة
490 _a
650 0 4 _aالاطفال
650 0 4 _aقصص الاطفال
942 _2ddc
_cBK
999 _c34433
_d34433